000 00906nam a2200277 i 4500
001 000015203
003 DO-SdBNP
005 20240305092125.0
007 ta
008 100203s2000 dr ac 000 0 spa d
040 _aDO-SdBNP
_bspa
_cBNPHU
_erda
049 _aBNPD
082 4 _bR763r
_222
100 1 _aRomero Confesor, Pedro,
_911841
_eautor
245 1 0 _aRemembranzas /
_cPedro Romero Confesor ; prólogo, Caracciolo Vargas Genao.
264 _aSanto Domingo :
_bBúho,
_c2000.
300 _a323 páginas :
_bilustraciones, retratos ;
_c24 cm.
336 _2rdacontent
_atexto
_btxt
337 _2rdamedia
_asin mediación
_bn
338 _2rdacarrier
_avolumen
_bnc
500 _aIncluye datos biográficos del autor en la solapa de la cubierta
590 _aInventariado, 2023/BT
700 1 _aVargas Genao, Caracciolo,
_d1927-2015
_eprólogo
_91504
910 _aBtavárez
942 _2ddc
_cLBS1
999 _c14774
_d14774